000 00580cam a2200145 4500500
005 20251228073711.0
041 _afre
042 _adc
100 1 0 _aMartinez-Sève, Laurianne
_eauthor
245 0 0 _aDowney Susan B., Terracotta figurines and plaques from Dura-Europos, Ann Arbor, The University of Michigan Press, 2003, 220 p., 45 pl. h. t.
260 _c2005.
500 _a10
786 0 _nRevue archéologique | 40 | 2 | 2005-09-01 | p. 365zh-437zh | 0035-0737
856 4 1 _uhttps://shs.cairn.info/revue-archeologique-2005-2-page-365zh?lang=fr&redirect-ssocas=7080
999 _c1595736
_d1595736